Leonid Nikolajevič Sretenskij.

Uložené v:
Podrobná bibliografia
Médium: Kniha
Jazyk:Russian
Vydané: Moskva : Nauka, 1967.
Vydanie:1. izd.
Edícia:Materialy k biobibliografii učenych SSSR. Serija techničeskich nauk. Mechanika vyp.2
ISBN: (brož.)
Fyzický popis: 47 s.
Tagy: Pridať tag
Žiadne tagy, Buďte prvý kto otaguje tento záznam!

MARC

LEADER 00000nam a22000004a 4500
001 000444021
005 20131118173853.0
008 131118s1967 ru e 000 0 rus d
020 |a (brož.) 
040 |a SVKKK  |b slo  |c SVKKK  |e AACR2 
041 0 |a rus 
044 |a ru  |c RU 
245 1 0 |a Leonid Nikolajevič Sretenskij. 
250 |a 1. izd. 
260 |a Moskva :  |b Nauka,  |c 1967. 
300 |a 47 s. 
490 1 |a Materialy k biobibliografii učenych SSSR.  |p Serija techničeskich nauk.  |p Mechanika  |v vyp.2 
830 0 |a Materialy k biobibliografii učenych SSSR.  |p Serija techničeskich nauk.  |p Mechanika  |v vyp.2 
910 |a svkkk 
998 |a BK 
090 |g SCKHL  |k Sklad Hlavná 10 suterén  |a I.32833  |j 410865  |i 2720636232  |s Absenčne